| 000 | 01801aam a22003491i 4500 | ||
|---|---|---|---|
| 001 | 018274557 | ||
| 003 | Uk | ||
| 005 | 20230110154540.0 | ||
| 006 | m || d | | ||
| 007 | cr ||||||||||| | ||
| 008 | 230110s2017 xxka 001 0 eng d | ||
| 020 | _a9781405195027 | ||
| 020 | _z1119070813 | ||
| 020 | _z9781405195027 | ||
| 082 | 0 | 4 | _a343.4207869 |
| 100 | 1 |
_aBillington, M. J. _q(Michael J.), _eauthor. |
|
| 245 | 1 | 4 |
_aThe building regulations : _bexplained and illustrated / _cM.J. Billington, S.P. Barnshaw, K.T. Bright, A. Crooks. |
| 264 | 4 | _c©2017 | |
| 300 | _a1024p | ||
| 336 | _atext | ||
| 504 | _aIncludes bibliographical references and index. | ||
| 505 | 0 | _aLegal and administrative. Building control -- The Building Regulations and Approved Documents -- Local authority control -- Private certification -- Work under the supervision of a competent person -- Technical. Structural stability (Part A) -- Part 7 - Fire (Part B) -- Materials, workmanship, site preparation and moisture exclusion (Part C) -- Toxic substances (Part D) -- Sound insulation (Part E) -- Ventilation (Part F) -- Sanitation, hot water safety and water efficiency (Part G) -- Drainage and waste disposal (Part H) -- Combustion appliances and fuel storage systems (Part J) -- Protection from falling, collision and impact (Part K) / KT Bright -- Conservation of fuel and power (Part L) -- Access to and use of buildings (Part M) / KT Bright -- Electrical safety (Part P) -- Security (Part Q). | |
| 650 | 0 |
_aBuilding laws _zEngland. |
|
| 650 | 7 | _aBuilding laws. | |
| 651 | 7 | _aEngland. | |
| 690 |
_96224 _aBuilding regulations |
||
| 700 | 1 |
_aBarnshaw, S. P., _eauthor. |
|
| 700 | 1 |
_aBright, K. T., _eauthor. |
|
| 700 | 1 |
_aCrooks, A., _eauthor. |
|
| 942 | _2ddc | ||
| 999 |
_c121305 _d121305 |
||